Detalles MARC
| 000 -CABECERA |
| Longitud fija campo de control |
01470 a2200421 4500 |
| 001 - NÚMERO DE CONTROL |
| Número de control |
46776 |
| 003 - IDENTIFICADOR DE NÚMERO DE CONTROL |
| Identificador del número de control |
ES-MaCES |
| 005 - FECHA Y HORA DE LA ÚLTIMA TRANSACCIÓN |
| Fecha y hora de la última transacción |
20151211135139.0 |
| 008 - CAMPO FIJO DE DESCRIPCIÓN FIJA--INFORMACIÓN GENERAL |
| Códigos de información de longitud fija |
151209s2014 ar ||||| |||||||||||spa|d |
| 020 ## - ISBN (INTERNATIONAL STANDARD BOOK NUMBER) |
| Número Internacional Normalizado para Libros (ISBN) |
9789872914660 |
| 040 ## - FUENTE DE CATALOGACIÓN |
| Centro catalogador de origen |
ES-MaCES |
| Lengua de catalogación |
spa |
| Centro transcriptor |
ES-MaCES |
| 041 1# - CÓDIGO DE IDIOMA |
| Código de lengua del texto;banda sonora o título independiente |
spa |
| Código de lengua original |
fre |
| 245 03 - MENCIÓN DE TÍTULO |
| Título |
El debate Piketty sobre "El capital en el siglo XXI" |
| Mención de responsabilidad, etc. |
Mario Hernández, Matías Eskenazi (compiladores) |
| 260 ## - PUBLICACIÓN, DISTRIBUCIÓN, ETC (PIE DE IMPRENTA) |
| Lugar de publicación, distribución, etc. |
Ciudad Autónoma de Buenos Aires |
| Nombre del editor, distribuidor, etc. |
Metrópolis |
| Fecha de publicación, distribución, etc. |
2014 |
| 300 ## - DESCRIPCIÓN FÍSICA |
| Extensión |
140 p. |
| Dimensiones |
22 cm |
| 500 ## - NOTA GENERAL |
| Nota general |
Traducción de: The capital au XXIe siècle |
| 500 ## - NOTA GENERAL |
| Nota general |
El libro recoge 14 artículos de opiniones diversas que intentan decribir y criticar la obras de Piketty |
| 541 ## - NOTA DE LA FUENTE INMEDIANTE DE ADQUISICIÓN |
| Forma de adquisición |
Compra |
| 650 #4 - ASIENTO SECUNDARIO DE MATERIA--TÉRMINO DE MATERIA |
| 9 (RLIN) |
27116 |
| Término de materia o nombre geográfico como elemento inicial |
capitalismo |
| 650 #4 - ASIENTO SECUNDARIO DE MATERIA--TÉRMINO DE MATERIA |
| 9 (RLIN) |
28127 |
| Término de materia o nombre geográfico como elemento inicial |
capital |
| 650 #4 - ASIENTO SECUNDARIO DE MATERIA--TÉRMINO DE MATERIA |
| 9 (RLIN) |
29375 |
| Término de materia o nombre geográfico como elemento inicial |
riqueza |
| 650 #4 - ASIENTO SECUNDARIO DE MATERIA--TÉRMINO DE MATERIA |
| 9 (RLIN) |
27109 |
| Término de materia o nombre geográfico como elemento inicial |
distribución del ingreso |
| 650 #4 - ASIENTO SECUNDARIO DE MATERIA--TÉRMINO DE MATERIA |
| 9 (RLIN) |
28180 |
| Término de materia o nombre geográfico como elemento inicial |
concentración económica |
| 650 #4 - ASIENTO SECUNDARIO DE MATERIA--TÉRMINO DE MATERIA |
| 9 (RLIN) |
29918 |
| Término de materia o nombre geográfico como elemento inicial |
mecanismo de control |
| 650 #4 - ASIENTO SECUNDARIO DE MATERIA--TÉRMINO DE MATERIA |
| 9 (RLIN) |
29371 |
| Término de materia o nombre geográfico como elemento inicial |
desigualdad económica |
| 650 #4 - ASIENTO SECUNDARIO DE MATERIA--TÉRMINO DE MATERIA |
| 9 (RLIN) |
30789 |
| Término de materia o nombre geográfico como elemento inicial |
desigualdad social |
| 650 #4 - ASIENTO SECUNDARIO DE MATERIA--TÉRMINO DE MATERIA |
| 9 (RLIN) |
27091 |
| Término de materia o nombre geográfico como elemento inicial |
país desarrollado |
| 650 #4 - ASIENTO SECUNDARIO DE MATERIA--TÉRMINO DE MATERIA |
| 9 (RLIN) |
31215 |
| Término de materia o nombre geográfico como elemento inicial |
S. XXI |
| 650 #4 - ASIENTO SECUNDARIO DE MATERIA--TÉRMINO DE MATERIA |
| 9 (RLIN) |
27251 |
| Término de materia o nombre geográfico como elemento inicial |
historia |
| 650 #4 - ASIENTO SECUNDARIO DE MATERIA--TÉRMINO DE MATERIA |
| 9 (RLIN) |
27076 |
| Término de materia o nombre geográfico como elemento inicial |
teoría económica |
| 653 ## - TÉRMINO DE INDEXACIÓN--NO CONTROLADO |
| Término no controlado |
Economía |
| 700 1# - ENCABEZAMIENTO SECUNDARIO--NOMBRE PERSONAL |
| 9 (RLIN) |
21016 |
| Nombre de persona |
Piketty, Thomas |
| Término indicativo de función |
col. |
| 700 1# - ENCABEZAMIENTO SECUNDARIO--NOMBRE PERSONAL |
| 9 (RLIN) |
36283 |
| Nombre de persona |
Eskenazi, Matías |
| Término indicativo de función |
col. |
| 767 0# - ENTRADA DE TRADUCCIÓN |
| Título |
The capital au XXIe siècle |
| Número de control del registro relacionado |
(ES-MaCES)44633 |
| 787 0# - ENTRADA DE OTRAS ESPECIFICACIONES |
| Título |
El capital en el Siglo XXI |
| Número de control del registro relacionado |
(ES-MaCES)45560 |
| 902 ## - CES. TIPO DE DOCUMENTO |
| Tipodoc (006$c Sirtex) |
LIB Libro |
| 942 ## - ELEMENTOS KOHA |
| Fuente de clasificaión o esquema |
Clasificación propia del CES |
| Koha [por defecto] tipo de item |
Monografías |
| Parte de clasificación |
Economía |